La Delictividad urbana en la ciudad de San José 1990-2000: una perspectiva geográfica /

Gorde:
Xehetasun bibliografikoak
Egile nagusia: Carvajal Alvarado, Guillermo
Beste egile batzuk: Alfaro, Libia
Formatua: Texto
Argitaratua: San José: VLAMARAN
Gaiak:
Etiketak: Etiketa erantsi
Etiketarik gabe, Izan zaitez lehena erregistro honi etiketa jartzen!

MARC

LEADER 00000 a a2200000 04500
001 28848
003
040 |a CRAI/IIS  |c CRAI/IIS 
020 |a 9968-16-141-1  
090 |a 189901  
100 |a Carvajal Alvarado, Guillermo  
245 |a La Delictividad urbana en la ciudad de San José 1990-2000: una perspectiva geográfica /  |c Guillermo Carvajal Alvarado 
260 |a San José:   |b VLAMARAN  
300 |a 129 p  
650 |a DELINCUENCIA  
650 |a ZONAS URBANAS  
650 |a VIOLENCIA  
650 |a GEOGRAFIA  
650 |a HOMICIDIO  
700 |a Alfaro, Libia  
999 |c 3842  |d 3842